000
00285nam a22001217a 4500
008
170818b xxu||||| |||| 00| 0 eng d
041
_a
eng
080
_2
3 ED
_a
51
100
_a
51
101
_a
MAT
245
_a
LINEAR ALGEBRA NAD ITS APPLICATION
_c
LAY.D.C
942
_2
udc
_c
BK
999
_c
24134
_d
24134